| 000 | 00545nam a22001697a 4500 | ||
|---|---|---|---|
| 005 | 20251108173121.0 | ||
| 008 | 250721s2006 xx 000 0 ara d | ||
| 082 | 1 | 4 | _a210.42303625/ قرا |
| 100 | 1 | _aالقرالة، علي عبد القادر | |
| 245 | 1 | 0 | _aالمقاومة و الإرهاب من منظور إسلامي / |
| 264 | 1 |
_aعمان : _bدار عالم الثقافة للنشر و التوزيع، _c2006. |
|
| 300 | _a176ص | ||
| 650 | 1 | 7 | _aالإرهاب |
| 650 | 1 | 7 | _aالإسلام |
| 942 |
_2ddc _cBK |
||
| 999 |
_c96443 _d96443 |
||